1317 1152 1105 1565 1794 1541 1196 1647 1584 1133 1921 1660 1313 1111 1674 1680 1318 1365 1104 1763 1978 1513 1268 1067 1172 1313 1622 1771 1203 1850 1178 1868 1361 1921 1162 1362 1988 1313 1036 1107 1581 1301 1394 1137 1955 1475 1515 1629 1575 1340 1232 1876 1579 1475 1569 1824 1003 1352 1197 1997 1475 1284 1814 1866 1462 1125 1909 1914 1190 1102 1971 1910 1050 1373 1751 1400 1842 1216 1597 1043 1288 1752 1169 1685 1053 1119 1713 2000 1290 1012 1743 1266 1095 1239 1564 1751 1451 1049 1168 BCNSPRNW ULIB Ver.6.0+V

เปลี่ยนเป็นภาษาไทย

Change to English
 แสดงรายละเอียดบรรณานุกรม
  กลับหน้าหลัก

Brief Record : Get Marc (ISO 2709) : E-mail record : QR code < ปิดหน้าต่าง
LEADER : 00000nam 2200000uu 4500
001    13399124437
003     ULIB
008    150717s2558||||th 000 0 tha d
020    ^a9789740333265
060  4 ^aQZ4^bล461พ
100 0  ^aลิวรรณ อุนนาภิรักษ์
245 10 ^aพยาธิสรีรวิทยาสำหรับพยาบาล /^cลิวรรณ อุนนาภิรักษ์
250    ^aพิมพ์ครั้งที่ 10 ฉบับปรับปรุงใหม่
260    ^aกรุงเทพฯ :^bสำนักพิมพ์แห่งจุฬาลงกรณ์มหาวิทยาลัย, ^c2558
300    ^a202 หน้า
650  4 ^aพยาธิสรีรวิทยา
945    ^p190^l0^i039559
945    ^p190^l0^i039560
945    ^p190^l0^i039561
945    ^p190^l0^i039562
945    ^p190^l0^i039563
945    ^p190^l0^i039564
945    ^p190^l0^i039565
945    ^p190^l0^i039566
999    ^aเกษร โพธิ์สุวรรณ
รายการนี้ยังไม่มีแท็ก
คุณยังไม่ได้ล็อกอิน คุณสามารถมีกิจกรรมร่วมกับเว็บไซต์ได้ แต่ต้องล็อกอินก่อน ::
  ล็อกอิน

รายการสื่อสารสนเทศ

ลำดับที่ ประเภท เลขเรียก/บาร์โค้ด สถานที่ สถานะ
1. Book การพยาบาล
Book การพยาบาล
สถานะ=หนังสือเก่า
QZ4 ล461พ ฉ.1 
  Barcode: 039559
ห้องสมุดวิทยาเขตสวรรค์ประชารักษ์
►ส่วนจัดเก็บหนังสือเก่า สปร
บนชั้น
  ขอยืม
2. Book การพยาบาล
Book การพยาบาล
สถานะ=หนังสือเก่า
QZ4 ล461พ ฉ.2 
  Barcode: 039560
ห้องสมุดวิทยาเขตสวรรค์ประชารักษ์
►ส่วนจัดเก็บหนังสือเก่า สปร
บนชั้น
  ขอยืม
3. Book การพยาบาล
Book การพยาบาล
สถานะ=หนังสือเก่า
QZ4 ล461พ ฉ.3 
  Barcode: 039561
ห้องสมุดวิทยาเขตสวรรค์ประชารักษ์
►ส่วนจัดเก็บหนังสือเก่า สปร
บนชั้น
  ขอยืม
4. Book การพยาบาล
Book การพยาบาล
สถานะ=หนังสือเก่า
QZ4 ล461พ ฉ.4 
  Barcode: 039562
ห้องสมุดวิทยาเขตสวรรค์ประชารักษ์
►ส่วนจัดเก็บหนังสือเก่า สปร
บนชั้น
  ขอยืม
5. Book การพยาบาล
Book การพยาบาล
สถานะ=หนังสือเก่า
QZ4 ล461พ ฉ.5 
  Barcode: 039563
ห้องสมุดวิทยาเขตสวรรค์ประชารักษ์
►ส่วนจัดเก็บหนังสือเก่า สปร
บนชั้น
  ขอยืม
6. Book การพยาบาล
Book การพยาบาล
สถานะ=หนังสือเก่า
QZ4 ล461พ ฉ.6 
  Barcode: 039564
ห้องสมุดวิทยาเขตสวรรค์ประชารักษ์
►ส่วนจัดเก็บหนังสือเก่า สปร
บนชั้น
  ขอยืม
7. Book การพยาบาล
Book การพยาบาล
สถานะ=หนังสือเก่า
QZ4 ล461พ ฉ.7 
  Barcode: 039565
ห้องสมุดวิทยาเขตสวรรค์ประชารักษ์
►ส่วนจัดเก็บหนังสือเก่า สปร
บนชั้น
  ขอยืม
8. Book การพยาบาล
Book การพยาบาล
สถานะ=หนังสือเก่า
QZ4 ล461พ ฉ.8 
  Barcode: 039566
ห้องสมุดวิทยาเขตสวรรค์ประชารักษ์
►ส่วนจัดเก็บหนังสือเก่า สปร
บนชั้น
  ขอยืม

รายการใกล้เคียง
    ผู้แต่ง [ลิวรรณ อุนนาภิรักษ์]

    หัวเรื่อง [พยาธิสรีรวิทยา]

BibComment


ยังไม่เคยถูกคอมเมนท์

คอมเมนท์ทรัพยากรรายการนี้
  คอมเมนท์: พยาธิสรีรวิทยาสำ..


 Copyright 2026. Bcnsprnw @Library